000 00665nam a2200229 a 4500
001 BRCA_2555
005 20190320203849.0
008 261108s1938----nyua---###---#000-0#eng-u
050 4 _aNK4006
_b.S62 1938
100 1 _aSpargo, John
_97313
245 1 0 _aEarly American pottery and China
_cby John Spargo.
260 _aNew York
_bThe Century
_c1938
300 _a393 p.
_bil.
_c22 cm.
440 0 _aCentury Library of American Antiques
_97314
500 _aIncluye índice alfabético.
500 _aA35
504 _aBibliografía
650 1 4 _aCerámica
_zEstados Unidos
_97315
650 1 4 _aPorcelana
_zEstados Unidos
_97316
902 _aGFM
942 _2lcc
_cB
999 _c2295
_d2295